000 00283nam a22001337a 4500
008 171011b xxu||||| |||| 00| 0 eng d
020 _a2900205452230
041 _aeng
080 _a316
100 _a50
101 _aSOC
245 _aLIVING THEORY
_cHURST,CH,E
942 _2udc
_cBK
999 _c33199
_d33199